| 000 | 01224cad a22002175a 4500 | ||
|---|---|---|---|
| 001 | L152941 | ||
| 008 | 110517s2011 xxkd f s f000 0 eng d | ||
| 020 | _a9781409828990 | ||
| 035 | _a(Sirsi) u152941 | ||
| 041 | 0 | _aeng | |
| 110 | 1 |
_aUnited Kingdom _bDepartment for Communities and Local Government _94939 |
|
| 245 | 0 | 0 |
_aReducing water consumption in buildings _h[electronic resource] |
| 260 |
_aLondon _bDCLG _c2011 |
||
| 520 | _aTotal demand for water is increasing in the United Kingdom. In its publication Maintaining water supply, the Environment Agency states that almost all of the water companies of England and Wales predict an increase in total demand for water over the next 25 years. This is driven by increasing household demand. The rise in household demand is expected despite increases in water meter penetration rates and is primarily driven by rising population and property forecasts. | ||
| 521 | _aAdvanced | ||
| 590 | _aKA | ||
| 651 | 4 |
_aUnited Kingdom _y |
|
| 690 | _aENVIRONMENTAL AND LAND CONSULTANCY-ENERGY-ENERGY USE-ENERGY EFFICIENCY | ||
| 856 | 4 | 0 |
_uhttps://www.communities.gov.uk/documents/corporate/pdf/1898595.pdf _zView this item free of charge at www.communities.gov.uk |
| 942 | _n0 | ||
| 999 |
_c112283 _d112283 |
||